000
00339 a2200145 4500
999
_c
11939
_d
11939
003
OSt
005
20240111160050.0
008
240111b ||||| |||| 00| 0 eng d
020
_a
9781864703757
082
_a
728.72
100
_a
Andrew Hall
245
_a
21St Century beach houses
260
_b
Images Publishing Dist Ac
942
_2
ddc